Chladnokrvně

Bibliographic Details
Main Author: Capote, Truman, 1924-1984 (Author)
Other Authors: Jindra, Miroslav, 1929- (Translator)
Format: Book
Language:Czech
PhysicalDescription:355, [1] s. 8°
Published: Praha Melantrich 1989
ISBN:8070230223
Edition:2. vyd.
Series:Světová próza
Subjects:

MARC

LEADER 00000cam a2200000 a 4500
001 vtls001337831
003 SK-MaSNL
005 20260301070042.0
008 251113s1989 xr gr 0000f cze
020 |a 8070230223 
035 |a SNK000290845 
040 |a SNK  |b slo  |c SNK  |e AACR2 
041 0 |a cze 
044 |a xr  |c CZ 
080 |a 820(73)-31=850  |2 1981 
100 1 |a Capote, Truman,  |d 1924-1984  |4 aut  |9 112089 
245 1 |a Chladnokrvně  |c Truman Capote ; z angl. orig. přel. Miroslav Jindra 
250 |a 2. vyd. 
260 |a Praha  |b Melantrich  |c 1989 
300 |a 355, [1] s.  |c 8° 
490 1 |a Světová próza 
500 |a (V tomto preklade 1.) 
655 7 |a americké romány  |2 SNKPH  |9 1174 
700 1 |a Jindra, Miroslav,  |d 1929-  |4 trl  |9 194708 
830 0 |a Světová próza  |9 308637 
919 |a 80-7023-022-3 
958 |a RK 
958 |a OND 
999 |c 632949  |d 634879 
952 |t P60, <04>, [BOOK], {604}  |a SNK  |b SNK  |y VYP  |7 0  |p 17A0621918  |o snkIC 114302  |i snkKIP 2587/90  |0 0  |1 0  |4 0  |d 1998-07-22  |l 0  |r 2005-01-02 00:00:00  |w 2026-02-23 
952 |t P60, <05>, [BOOK], {605}  |a SNK  |b SNK  |y PREZ  |7 0  |p 17A0294691  |o snkIC 114302 D1  |i snkKIP 2588/90  |0 0  |1 1  |4 0  |d 1998-07-22  |l 0  |r 2005-01-02 00:00:00  |w 2026-02-23